| 000 | 00728nas a2200253 4500 | ||
|---|---|---|---|
| 001 | BR0702096 | ||
| 003 | BR-BrBNA | ||
| 005 | 20231205110727.0 | ||
| 007 | ta | ||
| 008 | 230509b bl.|||p| |||| 00| 00por d | ||
| 040 |
_aBR-BrBNA _bpor _cBiblioteca Nacional de Agricultura |
||
| 041 | _a(En) | ||
| 072 | _aK10 | ||
| 100 | 1 | _aFantinatti, J.B. | |
| 100 | 1 | _aUsberti, R. | |
| 245 | 1 | _aSeed viability constants for Eucalyptus grandis | |
| 650 | _aEUCALIPTO | ||
| 650 | _aSEMENTE | ||
| 650 | _aARMAZENAMENTO | ||
| 650 | _aLONGEVIDADE | ||
| 773 | 0 |
_tPesquisa Agropecuaria Brasileira (Brazil) _xISSN 0100-204X _g(Jan 2007), v. 42(1) p. 111-117 _wBR0702096 |
|
| 909 |
_a202311 _bLúcia _c55 _dLúcia Elande |
||
| 942 |
_2AGRIS _n0 _cANA |
||
| 999 |
_c188763 _d188763 |
||